banner-ar

يا سكان الارض اتحدوا: القصة الكاملة للجهود الدولية لانقاذ كوكبنا الارض من الكارثة القادمه / (Record no. 52095)

MARC details
000 -الفاتح
حقل البيانات ثابتة الطول 00770nam a2200205Ia 4500
008 - عناصر البيانات ثابتة الطول - معلومات عامة
حقل البيانات ثابتة الطول 140319s9999 xx 000 0 ara d
040 ## - مصدر الفهرسة
وكالة الفهرسة الأصلية GCL /
وكالة النسخ GCL
082 04 - رقم تصنيف ديوى العشرى
رقم التصنيف 614.7
رقم المادة ع ى
100 1# - المدخل الرئيسى - إسم شخصى
الإسم الشخصى عصام الدين حواس
245 10 - بيان العنوان
العنوان يا سكان الارض اتحدوا: القصة الكاملة للجهود الدولية لانقاذ كوكبنا الارض من الكارثة القادمه /
بيان المسئوليه,etc عصام الدين حواس
300 ## - الوصف المادى
التعداد 300 ص
490 ## - بيان السلسلة
عنوان السلسلة الهيئة العامة للاستعلامات
رقم المجلد/ التعيين التسلسلي 0
650 04 - المدخل الاضافى بالموضوع-مصطلح موضوعى
مصطلح موضوعي البيئة
650 04 - المدخل الاضافى بالموضوع-مصطلح موضوعى
مصطلح موضوعي حماية البيئة
650 04 - المدخل الاضافى بالموضوع-مصطلح موضوعى
مصطلح موضوعي البيئة والانسان
650 04 - المدخل الاضافى بالموضوع-مصطلح موضوعى
مصطلح موضوعي الاوزون
650 04 - المدخل الاضافى بالموضوع-مصطلح موضوعى
مصطلح موضوعي الاوزون - التأثير الفسيولوجى
942 ## - عناصر المدخل الإضافي( كوها)
مصدر التصنيف او مخطط الترفيف Dewey Decimal Classification
Koha [default] item type كتاب
Holdings
حالة التراجع حالة الفقد حالة تلف ليس للاعارة المكان المؤقت الموقع الحالى تاريخ الاكتساب اجمالي اﻻعارات رقم الطلب الباركود تاريخ اخر مشاهدة تاريخ تفعيل السعر نوع وعاء كوها
        مكتبة القاهرة الكبرى مكتبة القاهرة الكبرى 03/26/2014   614.7\ع ى 124718 03/26/2014 03/26/2014 كتاب

Powered By

EGPV